Défendre les droits et les libertés - 4ème - Statistiques

Statistiques générales
  • Ce quiz a été pris 129 fois
  • Le résultat moyen est 6 sur 10
Statistiques - réponses
Question Réponse % Correct
Quel grand texte garantissant les droits des français a été publié le 26 août 1789 ? Déclaration des droits de l'Homme et du Citoyen
94%
Quel est le numéro des pompiers ? 18
80%
Quelle forme de justice n'est pas l'un des trois grandes formes de justice en France. Justice reconstitutive
78%
Laquelle de ces libertés ne fait pas partie des trois grandes libertés fondamentales ? Liberté conditionnelle
74%
Complète la phrase : " La liberté des uns s'arrête .... " ...là ou celle des autres commence."
72%
Quelle force de secours peut-être appelée pour défendre la France en cas de guerre. Les réservistes.
62%
De quel terme cette phrase est-elle la définition : " Comportement et croyances de ceux qui pensent qu'il existe une hiérarchle entre les hommes et qu'il existe plusieurs races humaines." Racisme
61%
Qu'est-ce que la xénophobie ? Hostilité à l'égard des étrangers.
50%
Où les armées françaises ne sont-elles pas intervenues sur les 10 dernières années ? Palestine
37%
Comment appelle t-on une opération militaire extérieure française ? Opex
32%
Aucun quiz correspondant
Distribution des résultats
% des personnes avec chaque résultat
Percentile par nombre de réponses
Votre historique - résultats
Vous n’avez pas pris ce quiz